书目信息 |
| 题名: |
Office 2007办公套件实用教程
|
|
| 作者: | 刘小伟 , 王萍 , 刘晓萍 编著 | |
| 分册: | ||
| 出版信息: | 北京 电子工业出版社 2007.08 |
|
| 页数: | 556页 | |
| 开本: | 26cm | |
| 丛书名: | ||
| 单 册: | ||
| 中图分类: | TP317.1 | |
| 科图分类: | ||
| 主题词: | 办公室自动化--ban gong shi zi dong hua--软件包--基本知识 | |
| 电子资源: | ||
| ISBN: | 978-7-121-04538-7 | |
| 000 | 00958nam0 2200253 450 | |
| 001 | 012008081571 | |
| 005 | 20080115142926.14 | |
| 010 | @a978-7-121-04538-7@dCNY54.00 | |
| 100 | @a20080114d2007 em y0chiy0120 ea | |
| 101 | 0 | @achi |
| 102 | @aCN@b110000 | |
| 105 | @aa z 000yy | |
| 106 | @ar | |
| 200 | 1 | @aOffice 2007办公套件实用教程@AOffice 2007 ban gong tao jian shi yong jiao cheng@f刘小伟, 王萍, 刘晓萍编著@Fliu xiao wei,wang ping,liu xiao ping bian zhu |
| 210 | @a北京@c电子工业出版社@d2007.08 | |
| 215 | @a556页@c图@d26cm | |
| 330 | @a本书通过Office 2007应用基础、应用范例和实训指导三大环节,全面介绍了Office 2007主要组件的基本功能和面向实际的应用技巧。 | |
| 606 | 0 | @a办公室自动化@Aban gong shi zi dong hua@x软件包@x基本知识 |
| 690 | @aTP317.1@v4 | |
| 701 | 0 | @a刘小伟@Aliu xiao wei@4编著 |
| 701 | 0 | @a王萍@Awang ping@4编著 |
| 701 | 0 | @a刘晓萍@Aliu xiao ping@4编著 |
| 801 | 0 | @aCN@bQSSK@c20080115 |
| 905 | @b278713-15@dTP317.1@eL697@f3 | |
| Office 2007办公套件实用教程/刘小伟, 王萍, 刘晓萍编著.-北京:电子工业出版社,2007.08 |
| 556页:图;26cm |
| ISBN 978-7-121-04538-7:CNY54.00 |
| 本书通过Office 2007应用基础、应用范例和实训指导三大环节,全面介绍了Office 2007主要组件的基本功能和面向实际的应用技巧。 |
| ● |
| 相关链接 |
|
|
|
正题名:Office 2007办公套件实用教程
索取号:TP317.1/L697
 
预约/预借
| 序号 | 登录号 | 条形码 | 馆藏地/架位号 | 状态 | 备注 |
| 1 | 278713 | 202787136 | 自科库301/ [索取号:TP317.1/L697] | 在馆 | |
| 2 | 278714 | 202787145 | 自科库301/301自科库 89排1列1层/ [索取号:TP317.1/L697] | 在馆 | |
| 3 | 278715 | 202787154 | 自科库301/301自科库 86排2列2层/ [索取号:TP317.1/L697] | 在馆 |